Islands that are owned by more than one country - Statistics

General Stats
  • This quiz has been taken 67 times
  • The average score is 6 of 15
Answer Stats
Owners Answer % Correct
Brunei/Indonesia/Malaysia Borneo
92%
Ireland /UK Ireland
89%
Indonesia/Papua New Guinea New Guinea
89%
Dominican Republic/Haiti Hispaniola
87%
Cyprus/Turkey/UK Cyprus
85%
Indonesia/East Timor Timor
79%
Chile/Argentina Tierra Del Fuego
41%
France/Netherlands Saint Martin
31%
Germany/Poland Usedom
13%
Saudi Arabia/Bahrain Passport Island
8%
Finland/Sweden Market
5%
Indonesia/Malaysia Sebatik Island
5%
US/Canada Dall Island
2%
Finland/Sweden Kataja
2%
Russia/Ukraine Rotten Sea Islands
2%
No matching quizzes found
Score Distribution
Percent of People with Each Score
Percentile by Number Answered
Your Score History
You have not taken this quiz